Name the Lego® Minecraft™ Sets! Quiz Stats

 Plays Quiz not verified by Sporcle

Challenge
Share
Tweet
Embed
Score 0/28 Timer 06:00
0 Plays Today
Information Set Name % Correct
Micro-figures: Ghast x2, Zombie Pigman || Pieces: 469The Nether (Micro World)
65.4%
Micro-figures: Villager, Zombie, Pig || Pieces: 466The Village (Micro World)
65.4%
Micro-figures: Endermen x4, Ender Dragon || Pieces: 440The End (Micro World)
65.4%
Mini-figures: Steve, Skeleton, Cow, Sheep || Pieces: 262The Farm
65.4%
Minifigures: Ender Dragon, Steve, Endermen x3 || Pieces: 634The Ender Dragon
65.4%
Minifigures: Alex, Steve, Iron Golem, Enderman, Creeper, Zombie, Baby Pig, Pig, Zombie Villager, Farmer Villager, Librarian Villager || Pieces: 1600The Village
65.4%
Minifigures: Steve, Zombie, Spider || Pieces: 249The Cave
61.5%
Minifigures: Steve, Zombie, Skeleton, Creeper, Spider || Pieces: 922 The Mine
57.7%
Minifigures: Steve, Creeper, Pig || Pieces: 408The First Night
53.8%
Minifigures: Iron Golem, Alex, Baby Pig, Zombie || Pieces: 208The Iron Golem
50%
Minifigures: Alex, Creeper, Mooshroom, Baby Mooshroom || Pieces: 247The Mushroom Island
50%
Minifigures: Steve, Skeleton, Mooshroom || Pieces: 518Crafting Box
46.2%
Minifigures: Steve, Zombie x2 || Pieces: 219The Dungeon
46.2%
Minifigures: Wither, Steve, Wither Skeleton x2 || Pieces: 318The Wither
46.2%
Information Set Name % Correct
Minifigures: Cave Spider, Steve, Endermen x2 || Pieces: 559The End Portal
46.2%
Minifigures: Steve, Alex, Ocelot, Creeper, Skeleton, Sheep || Pieces: 706The Jungle Tree House
46.2%
Minifigures: Steve, Alex, Wolf, Skeleton x2 || Pieces: 519The Desert Outpost
42.3%
Minifigures: Steve, Alex, Ghast, Blaze, Zombie Pigman || Pieces: 571The Nether Fortress
42.3%
Minifigures: Steve, Snow Golem, Creeper || Pieces: 327The Snow Hideout
42.3%
Minifigures: Snow Golem, Spider, Steve, Baby Cow || Pieces: 454The Ice Spikes
42.3%
Minifigures: Custom Skins x4 || Pieces: 28Skin Pack 2
38.5%
Minifigures: Steve, Sheep, Horse, Skeleton x3 || Pieces: 984The Fortress
38.5%
Micro-figures: Steve, Creeper || Pieces: 480The Forest (Micro World)
34.6%
Minifigures: Custom Skins x4 || Pieces: 25Skin Pack 1
34.6%
Minifigures: Steve, Zombie Pigman, Big Magma Cube, Small Magma Cube || Pieces: 387The Nether Railway
34.6%
Minifigures: Ocelot, Steve, Skeleton x2 || Pieces: 598The Jungle Temple
34.6%
Minifigures: Alex, Small Slime x3, Pig, Witch || Pieces: 502The Witch Hut
34.6%
Minifigures: Enderman, Steve, Alex, Zombie, Cat, Light Blue Sheep/Sheared Light Blue Sheep || Pieces: 729The Waterfall Base
34.6%

You're not logged in!

Compare scores with friends on all Sporcle quizzes.
OR
Log In

You Might Also Like...

Show Comments

Extras

Created Jun 12, 2017ReportNominate
Tags:Minecraft Quiz, lego, set

Top Quizzes Today


Score Distribution

Your Account Isn't Verified!

In order to create a playlist on Sporcle, you need to verify the email address you used during registration. Go to your Sporcle Settings to finish the process.

Report this User

Report this user for behavior that violates our Community Guidelines.

Details: